000 00485nam a2200181Ia 4500
008 221030s9999 xx 000 0 und d
020 _a8131730645
041 _aEnglish
082 _a105.23
100 _aK. C. Loudon
245 0 _aManagement Information Systems - Managing the Digital Firm
_cby K. C. Loudon, J. P. Loudon
250 _a11th
260 _bPearson Edcuation
_aNew Delhi
_c2010
300 _a581
650 _aMBA Computers
700 _aJ. P. Loudon
942 _cBK
999 _c9441
_d9441